[Event "FICGS W-ch st1 gM 01 email"]
[Site "FICGS email"]
[Date "2013.07.02"]
[Round "1"]
[White "Sharland, Michael"]
[Black "Gray, Garvin"]
[Result "1/2-1/2"]
[WhiteElo "2291"]
[BlackElo "2308"]
[PlyCount "39"]
[EventDate "2013.??.??"]
[EventType "tourn (corr)"]
[EventRounds "6"]
[EventCategory "1"]
[SourceTitle "Corr 2022"]
[Source "ChessBase"]
[SourceDate "2021.10.24"]
[SourceVersion "1"]
[SourceVersionDate "2021.10.24"]
[SourceQuality "1"]

1. e4 e5 2. Bc4 Nf6 3. d4 exd4 4. Nf3 Nc6 5. e5 d5 6. Bb5 Ne4 7. Nxd4 Bd7 8. Bxc6 bxc6 9. 0-0 Bc5 10. Be3 Qe7 11. Re1 0-0 12. Nd2 f5 13. exf6 Nxf6 14. N4f3 Rae8 15. c3 Qd6 16. Bxc5 Rxe1+ 17. Nxe1 Qxc5 18. Nb3 Qe7 19. Nd3 Bf5 20. Ndc5 1/2-1/2

[Event "FICGS W-ch st1 gM 01 email"]
[Site "FICGS email"]
[Date "2013.07.02"]
[Round "1"]
[White "Sharland, Michael"]
[Black "Tsygankov, Evgeny Georgievich"]
[Result "0-1"]
[WhiteElo "2291"]
[BlackElo "2325"]
[PlyCount "142"]
[EventDate "2013.??.??"]
[EventType "tourn (corr)"]
[EventRounds "6"]
[EventCategory "1"]
[SourceTitle "Corr 2022"]
[Source "ChessBase"]
[SourceDate "2021.10.24"]
[SourceVersion "1"]
[SourceVersionDate "2021.10.24"]
[SourceQuality "1"]

1. d4 Nf6 2. c4 g6 3. Nc3 Bg7 4. e4 0-0 5. Nf3 d6 6. Be2 e5 7. 0-0 Nc6 8. d5 Ne7 9. Ne1 Nd7 10. Be3 f5 11. f3 f4 12. Bf2 g5 13. Rc1 Ng6 14. Nd3 Nf6 15. c5 Rf7 16. Kh1 Bf8 17. a3 h5 18. cxd6 cxd6 19. Rg1 g4 20. Re1 Bh6 21. Rc2 Bd7 22. b3 Rg7 23. Bf1 g3 24. hxg3 fxg3 25. Bxg3 h4 26. Bf2 Nh5 27. Ne2 Qf6 28. Rc7 h3 29. gxh3 Nh4 30. f4 exf4 31. e5 Qg5 32. Rxd7 Rxd7 33. Nc3 Ng3+ 34. Bxg3 fxg3 35. Bg2 Nxg2 36. Kxg2 Qd2+ 37. Qxd2 Bxd2 38. Ne4 Bxe1 39. Nf6+ Kf7 40. Nxd7 Bc3 41. Kxg3 Rg8+ 42. Kf3 Ke7 43. Nf6 Rh8 44. Kg4 Bxe5 45. Ne4 Rg8+ 46. Kf5 Rf8+ 47. Kg4 Rf1 48. h4 Bh2 49. Ndf2 Rb1 50. Nd2 Rg1+ 51. Kf3 Rg3+ 52. Ke2 Bg1 53. Nfe4 Re3+ 54. Kf1 Bh2 55. Ng5 Be5 56. Ngf3 Bg7 57. Kf2 Rd3 58. Ke2 Rxd5 59. Nc4 Bf6 60. Ne3 Rh5 61. Kd2 Ke6 62. Ke2 Bxh4 63. Nd4+ Ke7 64. b4 Bf6 65. Nf3 d5 66. Ng4 Bb2 67. Nf2 Bxa3 68. Nd3 Rh6 69. Nd4 Rh2+ 70. Ke3 Kd7 71. Nf3 Ra2 0-1

[Event "FICGS W-ch st1 gN 02 email"]
[Site "FICGS email"]
[Date "2012.11.01"]
[Round "1"]
[White "Rogers, Michael"]
[Black "Sharland, Michael"]
[Result "1/2-1/2"]
[WhiteElo "2165"]
[BlackElo "2213"]
[PlyCount "59"]
[EventDate "2012.??.??"]
[EventType "tourn (corr)"]
[EventRounds "6"]
[SourceTitle "Corr 2022"]
[Source "ChessBase"]
[SourceDate "2021.10.24"]
[SourceVersion "1"]
[SourceVersionDate "2021.10.24"]
[SourceQuality "1"]

1. e4 c5 2. Nf3 d6 3. d4 cxd4 4. Nxd4 Nf6 5. Nc3 a6 6. Bg5 e6 7. f4 Nbd7 8. Qf3 Qc7 9. 0-0-0 b5 10. Bd3 Bb7 11. Rhe1 Be7 12. Qg3 b4 13. Nd5 exd5 14. exd5 Kd8 15. Nc6+ Bxc6 16. dxc6 Nc5 17. Bh4 Rg8 18. Bf5 a5 19. Qe3 Ne6 20. g4 Re8 21. Qf3 Rc8 22. g5 Qxc6 23. Qxc6 Rxc6 24. gxf6 Bxf6 25. Bxf6+ gxf6 26. Bxh7 Nxf4 27. Rf1 Nh5 28. Rd4 Kc7 29. Rh4 Rc5 30. Bf5 1/2-1/2

[Event "FICGS W-ch st1 gN 02 email"]
[Site "FICGS email"]
[Date "2012.11.01"]
[Round "1"]
[White "Sharland, Michael"]
[Black "Eldridge, Mark"]
[Result "1/2-1/2"]
[WhiteElo "2213"]
[BlackElo "2226"]
[PlyCount "43"]
[EventDate "2012.??.??"]
[EventType "tourn (corr)"]
[EventRounds "6"]
[SourceTitle "Corr 2022"]
[Source "ChessBase"]
[SourceDate "2021.10.24"]
[SourceVersion "1"]
[SourceVersionDate "2021.10.24"]
[SourceQuality "1"]

1. e4 c5 2. Nf3 d6 3. d4 cxd4 4. Nxd4 Nf6 5. Nc3 g6 6. Be2 Bg7 7. Be3 0-0 8. Qd2 Nc6 9. 0-0-0 Ng4 10. Bxg4 Bxg4 11. f3 Bd7 12. h4 Ne5 13. b3 h5 14. Bh6 Nd3+ 15. cxd3 Bxd4 16. Ne2 Qb6 17. Nxd4 Qxd4 18. Qb2 Rfc8+ 19. Kb1 Qxb2+ 20. Kxb2 a5 21. Rc1 Bb5 22. Rhd1 1/2-1/2

[Event "FICGS class M 000058 email"]
[Site "FICGS email"]
[Date "2012.09.12"]
[Round "1"]
[White "Alcala, Alvin"]
[Black "Sharland, Michael"]
[Result "1-0"]
[WhiteElo "2246"]
[BlackElo "2213"]
[PlyCount "117"]
[EventDate "2012.??.??"]
[EventType "tourn (corr)"]
[EventRounds "6"]
[SourceTitle "Corr 2022"]
[Source "ChessBase"]
[SourceDate "2021.10.24"]
[SourceVersion "1"]
[SourceVersionDate "2021.10.24"]
[SourceQuality "1"]

1. c4 e5 2. g3 Nf6 3. Bg2 d5 4. cxd5 Nxd5 5. Nc3 Nb6 6. e3 Nc6 7. Nge2 Bb4 8. 0-0 0-0 9. f4 Re8 10. f5 Bf8 11. a3 Ne7 12. Qc2 Ned5 13. d3 Nf6 14. Bd2 c6 15. Rac1 a5 16. h3 h5 17. Kh2 Nbd5 18. Nd1 Nb6 19. e4 Nbd7 20. Nf2 a4 21. Be3 Ra5 22. Rcd1 Bc5 23. Bd2 Ra6 24. Bf3 b5 25. g4 h4 26. g5 Nh7 27. f6 Bxf2 28. Rxf2 Qb6 29. Rg2 g6 30. Be1 Ndf8 31. Bxh4 Qe3 32. Bg4 Bxg4 33. Rxg4 Ne6 34. Kg2 Qb6 35. Bg3 Qc5 36. Qxc5 Nxc5 37. Kf3 Nb3 38. Ke3 Rb6 39. Nc1 b4 40. axb4 Na1 41. Ne2 Nc2+ 42. Kd2 Nxb4 43. Nc3 Rd8 44. Ke2 Nc2 45. Nxa4 Nd4+ 46. Ke3 Rb5 47. Rd2 Nf8 48. Nc3 Rc5 49. Bh2 Nb3 50. Rd1 Ne6 51. Nb1 Nf4 52. Bxf4 exf4+ 53. Kxf4 Rc2 54. Na3 Rf2+ 55. Ke3 Rh2 56. Rg3 Nd4 57. Rd2 Rh1 58. Nc4 c5 59. Ne5 1-0

[Event "FICGS class M 000056 email"]
[Site "FICGS email"]
[Date "2012.05.09"]
[Round "1"]
[White "Nichols, Scott"]
[Black "Sharland, Michael"]
[Result "1/2-1/2"]
[WhiteElo "2162"]
[BlackElo "2209"]
[PlyCount "61"]
[EventDate "2012.??.??"]
[EventType "tourn (corr)"]
[EventRounds "6"]
[SourceTitle "Corr 2022"]
[Source "ChessBase"]
[SourceDate "2021.10.24"]
[SourceVersion "1"]
[SourceVersionDate "2021.10.24"]
[SourceQuality "1"]

1. e4 c5 2. Nf3 d6 3. d4 cxd4 4. Nxd4 Nf6 5. Nc3 a6 6. Be3 e5 7. Nb3 Be6 8. f3 Be7 9. Qd2 0-0 10. 0-0-0 Nbd7 11. g4 b5 12. g5 b4 13. Ne2 Ne8 14. f4 a5 15. f5 a4 16. fxe6 axb3 17. cxb3 fxe6 18. Bh3 Rxa2 19. Bxe6+ Kh8 20. Ng3 Nc7 21. Bc4 Qa8 22. Rhf1 Rxf1 23. Rxf1 Ra1+ 24. Kc2 Rxf1 25. Bxf1 d5 26. Qf2 g6 27. Kb1 d4 28. Bxd4 Bxg5 29. Bh3 Nb5 30. Bc5 Nf6 31. Qe1 1/2-1/2

[Event "FICGS class M 000056 email"]
[Site "FICGS email"]
[Date "2012.05.09"]
[Round "1"]
[White "Sharland, Michael"]
[Black "Clement, George"]
[Result "1/2-1/2"]
[WhiteElo "2209"]
[BlackElo "2238"]
[PlyCount "75"]
[EventDate "2012.??.??"]
[EventType "tourn (corr)"]
[EventRounds "6"]
[SourceTitle "Corr 2022"]
[Source "ChessBase"]
[SourceDate "2021.10.24"]
[SourceVersion "1"]
[SourceVersionDate "2021.10.24"]
[SourceQuality "1"]

1. d4 d5 2. Nf3 Nf6 3. c4 e6 4. Nc3 c6 5. Bg5 h6 6. Bxf6 Qxf6 7. e3 Nd7 8. Bd3 dxc4 9. Bxc4 g6 10. 0-0 Bg7 11. Qc2 0-0 12. Ne4 Qe7 13. Bb3 e5 14. Ng3 Kh8 15. Rad1 Re8 16. h3 a5 17. a3 Kh7 18. dxe5 Nxe5 19. Nxe5 Bxe5 20. f4 Bc7 21. e4 a4 22. Bxa4 Qh4 23. Rd3 Bxf4 24. Bb3 f6 25. Qc4 Be6 26. Qb4 b5 27. Ne2 Bg5 28. Bxe6 Rxe6 29. Nd4 Rxe4 30. Qc3 Re7 31. Qxc6 Ra4 32. Nf3 Qc4 33. Nxg5+ fxg5 34. Qf6 Qc5+ 35. Kh2 Rae4 36. Rd6 Rg7 37. Rc6 Qd5 38. Qd6 1/2-1/2

[Event "FICGS W-ch st2 g01 email"]
[Site "FICGS email"]
[Date "2011.04.03"]
[Round "1"]
[White "Sharland, Michael"]
[Black "Riha, Josef"]
[Result "1-0"]
[WhiteElo "2227"]
[BlackElo "2027"]
[PlyCount "133"]
[EventDate "2011.??.??"]
[EventType "tourn (corr)"]
[EventRounds "6"]
[SourceTitle "Corr 2013"]
[Source "ChessBase"]
[SourceDate "2012.11.12"]
[SourceVersion "1"]
[SourceVersionDate "2012.11.12"]
[SourceQuality "1"]

1. e4 c5 2. Nf3 d6 3. d4 cxd4 4. Nxd4 Nf6 5. Nc3 Nc6 6. Be3 g6 7. f3 Bg7 8. Qd2 0-0 9. 0-0-0 Bd7 10. g4 Rc8 11. h4 h5 12. gxh5 Nxh5 13. Rg1 Ne5 14. Be2 Nc4 15. Bxc4 Rxc4 16. Kb1 Kh7 17. Qd3 b5 18. Ncxb5 Rc5 19. Nc3 Qb8 20. Rg5 Rfc8 21. Rxc5 Rxc5 22. Nb3 Rc8 23. Bd4 Bc6 24. Bxg7 Kxg7 25. Nd4 Bd7 26. Nd5 e6 27. Ne3 Nf4 28. Qd2 Rh8 29. Nef5+ exf5 30. Qxf4 fxe4 31. fxe4 Qf8 32. e5 dxe5 33. Qxe5+ f6 34. Ne6+ Bxe6 35. Qxe6 Rxh4 36. b3 Kh6 37. Qe3+ g5 38. Qxa7 Qe8 39. Qf2 Rf4 40. Qd2 Qb5 41. Kb2 Rh4 42. Qe3 Qf5 43. a4 Rh2 44. Qd3 Qe5+ 45. Qc3 Qe6 46. a5 Rh4 47. Qc5 Kg6 48. Rd6 Qe4 49. Qc3 Qf5 50. a6 Rh8 51. b4 g4 52. Qd3 Rb8 53. a7 Ra8 54. Qe3 Kf7 55. Qb6 Rc8 56. Qb7+ Kg6 57. Rc6 Re8 58. a8Q Rxa8 59. Qxa8 Qe5+ 60. c3 Qf4 61. Qg8+ Kh6 62. Qf7 Kg5 63. Qg7+ Kh5 64. Qxf6 Qxf6 65. Rxf6 g3 66. Rf8 Kg6 67. Rg8+ 1-0

[Event "FICGS W-ch final email"]
[Site "FICGS email"]
[Date "2009.11.03"]
[Round "1"]
[White "Domanov, Dmitry"]
[Black "Sharland, Michael"]
[Result "1/2-1/2"]
[WhiteElo "2271"]
[BlackElo "2212"]
[PlyCount "66"]
[EventDate "2009.??.??"]
[EventType "tourn (corr)"]
[EventRounds "6"]
[EventCategory "5"]
[SourceTitle "Corr 2022"]
[Source "ChessBase"]
[SourceDate "2021.10.24"]
[SourceVersion "1"]
[SourceVersionDate "2021.10.24"]
[SourceQuality "1"]

1. e4 c5 2. Nf3 d6 3. d4 cxd4 4. Nxd4 Nf6 5. Nc3 a6 6. Be3 e5 7. Nb3 Be6 8. f3 Be7 9. Qd2 0-0 10. 0-0-0 Nbd7 11. g4 b5 12. g5 Nh5 13. Kb1 Nb6 14. Nd5 Nxd5 15. exd5 Bf5 16. Na5 f6 17. h4 Qe8 18. Rh2 Bg6 19. Bh3 fxg5 20. hxg5 Rxf3 21. Re1 Rxe3 22. Qxe3 Qd8 23. Be6+ Kh8 24. Nc6 Bxg5 25. Qe2 Qe8 26. Qg4 Bf4 27. Rh3 Nf6 28. Qg2 Bh6 29. Rxh6 gxh6 30. Rf1 Ne4 31. Qe2 h5 32. Qe3 b4 33. Qh6 a5 1/2-1/2

[Event "FICGS W-ch st2 g02 email"]
[Site "FICGS email"]
[Date "2009.11.03"]
[Round "1"]
[White "Sharland, Michael"]
[Black "Carrizo, Jose Luis"]
[Result "1-0"]
[WhiteElo "2212"]
[BlackElo "2114"]
[PlyCount "95"]
[EventDate "2009.??.??"]
[EventType "tourn (corr)"]
[EventRounds "8"]
[SourceTitle "Corr 2022"]
[Source "ChessBase"]
[SourceDate "2021.10.24"]
[SourceVersion "1"]
[SourceVersionDate "2021.10.24"]
[SourceQuality "1"]

1. e4 e5 2. Nf3 Nc6 3. Bb5 a6 4. Ba4 Nf6 5. 0-0 Be7 6. Re1 b5 7. Bb3 d6 8. c3 0-0 9. h3 Na5 10. Bc2 c5 11. d4 Qc7 12. Nbd2 cxd4 13. cxd4 Nc6 14. a3 Bd7 15. d5 Na5 16. Nf1 Nh5 17. Bd3 g6 18. Ne3 Nf4 19. Bf1 Rfc8 20. Bd2 Qb6 21. b3 Bf8 22. a4 bxa4 23. bxa4 Qd8 24. Rb1 Ra7 25. Rb2 Nb7 26. Nc4 Nc5 27. Bxf4 exf4 28. Qd4 Rb8 29. Rxb8 Qxb8 30. e5 dxe5 31. Ncxe5 f6 32. Nc6 Bxc6 33. dxc6 Qd6 34. Qc4+ Kg7 35. Nd4 Qc7 36. Ne6+ Nxe6 37. Rxe6 Bd6 38. a5 Ra8 39. Kh2 Be5 40. Qc5 Kh6 41. f3 Qa7 42. Qb6 Bd4 43. Qb7 Bc3 44. Rd6 Be1 45. Qb6 Qe7 46. Rd1 Re8 47. c7 Rc8 48. Rc1 1-0

[Event "FICGS class M 000029 email"]
[Site "FICGS email"]
[Date "2009.07.01"]
[Round "1"]
[White "Gonzalez, Bolivar"]
[Black "Sharland, Michael"]
[Result "1/2-1/2"]
[WhiteElo "2258"]
[BlackElo "2114"]
[PlyCount "38"]
[EventDate "2009.??.??"]
[EventType "tourn (corr)"]
[EventRounds "6"]
[SourceTitle "Corr 2022"]
[Source "ChessBase"]
[SourceDate "2021.10.24"]
[SourceVersion "1"]
[SourceVersionDate "2021.10.24"]
[SourceQuality "1"]

1. e4 c5 2. Nf3 d6 3. d4 cxd4 4. Nxd4 Nf6 5. Nc3 a6 6. Bg5 e6 7. f4 Nbd7 8. Qf3 Qc7 9. 0-0-0 b5 10. Bxf6 Nxf6 11. e5 Bb7 12. Qh3 Ne4 13. Nxe4 Bxe4 14. Bd3 Bd5 15. Rhe1 dxe5 16. fxe5 Bc5 17. Nb3 Be7 18. Kb1 h6 19. Qg4 0-0 1/2-1/2

[Event "FICGS class M 000029 email"]
[Site "FICGS email"]
[Date "2009.07.01"]
[Round "1"]
[White "Sharland, Michael"]
[Black "Tomov, Georgi"]
[Result "1/2-1/2"]
[WhiteElo "2114"]
[BlackElo "2386"]
[PlyCount "75"]
[EventDate "2009.??.??"]
[EventType "tourn (corr)"]
[EventRounds "6"]
[SourceTitle "Corr 2022"]
[Source "ChessBase"]
[SourceDate "2021.10.24"]
[SourceVersion "1"]
[SourceVersionDate "2021.10.24"]
[SourceQuality "1"]

1. e4 d5 2. exd5 Qxd5 3. Nc3 Qd6 4. d4 Nf6 5. Nf3 c6 6. g3 Bg4 7. Bg2 e6 8. h3 Bh5 9. 0-0 Be7 10. Re1 0-0 11. a3 h6 12. Ne2 Bxf3 13. Bxf3 Qc7 14. c4 Nbd7 15. Qc2 Rfe8 16. Be3 e5 17. dxe5 Nxe5 18. Bg2 Rad8 19. Nd4 Bf8 20. Nf5 a5 21. Rad1 Rxd1 22. Rxd1 Ned7 23. c5 Nd5 24. Bxd5 cxd5 25. Rxd5 Qc6 26. Qd1 Nxc5 27. Nd6 Rxe3 28. fxe3 Qc7 29. b4 Bxd6 30. bxc5 Bxc5 31. Rd8+ Kh7 32. Kg2 Bxe3 33. Rd7 Qc6+ 34. Kh2 f5 35. Rd5 Qc4 36. h4 Qe4 37. a4 f4 38. Qd3 1/2-1/2

[Event "FICGS W-ch st2 g02 email"]
[Site "FICGS email"]
[Date "2009.03.15"]
[Round "1"]
[White "Schiller, Wilfried"]
[Black "Sharland, Michael"]
[Result "1/2-1/2"]
[WhiteElo "2348"]
[BlackElo "2202"]
[PlyCount "49"]
[EventDate "2009.??.??"]
[EventType "tourn (corr)"]
[EventRounds "8"]
[SourceTitle "Corr 2022"]
[Source "ChessBase"]
[SourceDate "2021.10.24"]
[SourceVersion "1"]
[SourceVersionDate "2021.10.24"]
[SourceQuality "1"]

1. d4 Nf6 2. c4 e6 3. Nf3 b6 4. a3 Bb7 5. Nc3 d5 6. Bg5 Be7 7. Bxf6 Bxf6 8. cxd5 exd5 9. e3 0-0 10. Be2 Nd7 11. 0-0 Re8 12. Qd2 c5 13. Rab1 a6 14. Rfd1 h6 15. dxc5 Bxc3 16. Qxc3 bxc5 17. b4 d4 18. Qd2 Qe7 19. bxc5 dxe3 20. Qxe3 Nxc5 21. Qxe7 Rxe7 22. Nd4 Rd8 23. Bf1 Red7 24. Rdc1 Rxd4 25. Rxc5 1/2-1/2

[Event "FICGS W-ch final email"]
[Site "FICGS email"]
[Date "2009.03.15"]
[Round "1"]
[White "Sharland, Michael"]
[Black "Lemekhov, Yura"]
[Result "1/2-1/2"]
[WhiteElo "2202"]
[BlackElo "2174"]
[PlyCount "69"]
[EventDate "2009.??.??"]
[EventType "tourn (corr)"]
[EventRounds "6"]
[EventCategory "5"]
[SourceTitle "Corr 2022"]
[Source "ChessBase"]
[SourceDate "2021.10.24"]
[SourceVersion "1"]
[SourceVersionDate "2021.10.24"]
[SourceQuality "1"]

1. e4 c5 2. Nf3 d6 3. d4 cxd4 4. Nxd4 Nf6 5. Nc3 a6 6. Be3 e5 7. Nb3 Be6 8. f3 Be7 9. Qd2 0-0 10. 0-0-0 Nbd7 11. g4 b5 12. g5 Nh5 13. Kb1 Nb6 14. Nd5 Nxd5 15. exd5 Bf5 16. Na5 f6 17. Nc6 Qd7 18. gxf6 Bxf6 19. Rg1 Bg6 20. Bd3 Bxd3 21. Qxd3 Bd8 22. Rdf1 Nf4 23. Qd2 Qf7 24. Rd1 Rc8 25. a3 Qxd5 26. Na7 Qxd2 27. Rxd2 Ra8 28. Rxd6 Rf6 29. Rd7 Ne6 30. Rg3 Rf7 31. Rxf7 Kxf7 32. Nc6 Bf6 33. Rg4 Rc8 34. Nb4 Rd8 35. Kc1 1/2-1/2

[Event "FICGS W-ch st1 g05 email"]
[Site "FICGS email"]
[Date "2009.02.03"]
[Round "1"]
[White "Sharland, Michael"]
[Black "Gray, Garvin"]
[Result "1/2-1/2"]
[WhiteElo "2204"]
[BlackElo "2111"]
[PlyCount "115"]
[EventDate "2009.??.??"]
[EventType "tourn (corr)"]
[EventRounds "8"]
[SourceTitle "Corr 2022"]
[Source "ChessBase"]
[SourceDate "2021.10.24"]
[SourceVersion "1"]
[SourceVersionDate "2021.10.24"]
[SourceQuality "1"]

1. e4 e5 2. Nf3 Nc6 3. Bb5 a6 4. Ba4 Nf6 5. 0-0 Be7 6. Re1 b5 7. Bb3 0-0 8. c3 d6 9. h3 Bb7 10. d4 Re8 11. Nbd2 Bf8 12. a4 h6 13. Bc2 exd4 14. cxd4 Nb4 15. Bb1 c5 16. d5 Nd7 17. Ra3 c4 18. Ree3 Rc8 19. axb5 axb5 20. Nd4 Qb6 21. N2f3 Na6 22. Nf5 Nf6 23. b4 g6 24. Bb2 Qd8 25. N3h4 Nxb4 26. Qd2 Nd3 27. Rexd3 cxd3 28. Nxh6+ Bxh6 29. Qxh6 Re5 30. Bxe5 dxe5 31. Nxg6 fxg6 32. Qxg6+ Kh8 33. Qh6+ Nh7 34. Bxd3 Qf6 35. Qe3 Ba6 36. Bf1 Rg8 37. Rc3 Bc8 38. Bxb5 Qh4 39. Kf1 Nf6 40. Rc4 Rf8 41. Ra4 Qh5 42. Ke1 Qh4 43. Bd3 Bd7 44. Ra7 Rg8 45. g4 Rd8 46. Rb7 Ra8 47. Bb1 Bc8 48. Rb6 Bd7 49. g5 Ng8 50. Rb3 Bc8 51. Kd2 Ne7 52. Rb6 Ng8 53. d6 Be6 54. Rb7 Ra6 55. Ke1 Ra1 56. Rb8 Bd7 57. Kd2 Ra6 58. Rd8 1/2-1/2

[Event "FICGS W-ch st1 g05 email"]
[Site "FICGS email"]
[Date "2008.07.29"]
[Round "1"]
[White "Geana, Dan"]
[Black "Sharland, Michael"]
[Result "1/2-1/2"]
[WhiteElo "1884"]
[BlackElo "2033"]
[PlyCount "52"]
[EventDate "2008.??.??"]
[EventType "tourn (corr)"]
[EventRounds "8"]
[SourceTitle "Corr 2022"]
[Source "ChessBase"]
[SourceDate "2021.10.24"]
[SourceVersion "1"]
[SourceVersionDate "2021.10.24"]
[SourceQuality "1"]

1. e4 c5 2. Nf3 d6 3. d4 cxd4 4. Nxd4 Nf6 5. Nc3 a6 6. Bg5 e6 7. f4 Nbd7 8. Qf3 Qc7 9. 0-0-0 b5 10. Bd3 Bb7 11. Rhe1 Be7 12. Qg3 b4 13. Nd5 exd5 14. exd5 Kd8 15. Nc6+ Bxc6 16. dxc6 Nc5 17. Bh4 Rg8 18. Bf5 a5 19. Qe3 Ne6 20. Qg3 Ra6 21. Bxe6 fxe6 22. Rxe6 Rxc6 23. Bxf6 Bxf6 24. Rxf6 Re8 25. Rf5 Rxc2+ 26. Kb1 Rxb2+ 1/2-1/2